|
|
|
|
| LEADER |
00000nam a22000007a 4500 |
| 005 |
20151105103821.0 |
| 007 |
cr|||| ||u| |
| 008 |
151105s2013 ck u||pss|||| 0|||b1spa d |
| 035 |
|
|
|a 12934
|
| 040 |
|
|
|a vLex
|
| 090 |
|
|
|c 5664
|d 5664
|
| 245 |
1 |
0 |
|a Regulacin̤ integral del sector de agua potable y saneamiento basico en Colombia
|h [Recurso electrn̤ico] /
|c Comisin̤ de Regulacin̤ del Agua Potable
|
| 256 |
|
|
|a Servicio en ln̕ea
|
| 260 |
|
|
|a Colombia
|b Comisin̤ de Regulacin̤ del Agua Potable
|c 2013
|
| 300 |
|
|
|a 1 recurso electrn̤ico (453 Pg̀inas.)
|
| 310 |
|
|
|a Desconocida
|
| 506 |
1 |
|
|a Contenido solo disponible en los productos indicados
|d vLex Global
|d vLex Global (Academic Edition, excluding Law Schools)
|d vLex Global (U.S. Academic Edition, Law Schools)
|d vLex Global (U.S. Academic Edition, excluding Law Schools)
|d vLex Global (Academic Edition, Law Schools)
|
| 650 |
0 |
4 |
|a Agua -- Contaminacin̤ -- Derecho y legislacin̤
|z Colombia
|
| 740 |
0 |
|
|a vLex revistasd (servicio en ln̕ea)
|
| 856 |
4 |
0 |
|u http://vlex.com/source/regulacion-integral-sector-agua-potable-saneamiento-basico-colombia-12934
|z Acceso restringido
|
| 942 |
|
|
|c REV
|
| 999 |
0 |
|
|a Water--Pollution--Law and legislation
|